[Event "Ingrid Larsen Memorial (Women)"]
[Site "Farum"]
[Date "1991.??.??"]
[Round "?"]
[White "Dahl, Ingrid"]
[Black "Palatkova, Eliska"]
[Result "1-0"]
[WhiteElo "2105"]
[BlackElo "2025"]
[PlyCount "70"]
[EventDate "1991.??.??"]
[EventType "swiss"]
[EventRounds "9"]
[EventCountry "DEN"]
[SourceTitle "EXT 2000"]
[Source "ChessBase"]
[SourceDate "1999.11.16"]

1. e4 c5 2. c3 Nf6 3. e5 Nd5 4. d4 cxd4 5. Bc4 Nb6 6. Bb3 e6 7. cxd4 d6 8. exd6
Bxd6 9. Nf3 Bd7 10. O-O Bc6 11. Ng5 Bd5 12. Bc2 Nc6 13. Nc3 Be7 14. Qh5 g6 15.
Qh6 Bf8 16. Qh3 Nxd4 17. Bd3 Be7 18. Qh6 Bf8 19. Qh4 Bg7 20. Qh3 h6 21. Nge4
Qe7 22. Be3 f5 23. Nd2 Rd8 24. Rad1 Nc6 25. Bb5 Kf7 26. Rfe1 Qc7 27. Nb3 Bxb3
28. axb3 Nd5 29. Nxd5 exd5 30. Bc5 Rhe8 31. Rxe8 Rxe8 32. Qd3 Rd8 33. Re1 Ne5
34. Qe3 b6 35. Bd4 Bf6 1-0

[Event "Ingrid Larsen Memorial (Women)"]
[Site "Farum"]
[Date "1991.??.??"]
[Round "?"]
[White "Dahl, Ingrid"]
[Black "Lalic, Susan"]
[Result "0-1"]
[WhiteElo "2105"]
[BlackElo "2300"]
[PlyCount "68"]
[EventDate "1991.??.??"]
[EventType "swiss"]
[EventRounds "9"]
[EventCountry "DEN"]
[SourceTitle "EXT 2000"]
[Source "ChessBase"]
[SourceDate "1999.11.16"]

1. Nf3 b5 2. d4 Bb7 3. g3 e6 4. Bg2 Nf6 5. O-O h6 6. Nbd2 c5 7. c3 cxd4 8. cxd4
Be7 9. Re1 d5 10. Ne5 O-O 11. Nb3 Nbd7 12. Nd3 Qb6 13. Bd2 b4 14. a3 a5 15.
axb4 axb4 16. Be3 Rxa1 17. Qxa1 Ra8 18. Qb1 Ba6 19. Ne5 Qb5 20. Nxd7 Nxd7 21.
Bf1 Nb6 22. Bd2 Nc4 23. e4 Qa4 24. Bxc4 dxc4 25. Nc5 Bxc5 26. dxc5 Rd8 27. Qc1
Qb5 28. Be3 Bb7 29. f3 Rd3 30. Rd1 c3 31. Rxd3 Qxd3 32. bxc3 b3 33. Kf2 Ba6 34.
Bd4 Qe2+ 0-1

[Event "Ingrid Larsen Memorial (Women)"]
[Site "Farum"]
[Date "1991.??.??"]
[Round "?"]
[White "Dahl, Ingrid"]
[Black "Forbes, Cathy"]
[Result "1/2-1/2"]
[WhiteElo "2105"]
[BlackElo "2135"]
[PlyCount "49"]
[EventDate "1991.??.??"]
[EventType "swiss"]
[EventRounds "9"]
[EventCountry "DEN"]
[SourceTitle "EXT 2000"]
[Source "ChessBase"]
[SourceDate "1999.11.16"]

1. e4 c5 2. c3 d5 3. exd5 Qxd5 4. d4 Nf6 5. Nf3 Nc6 6. Be3 cxd4 7. cxd4 e6 8.
Bd3 Qa5+ 9. Nc3 Nb4 10. Be2 Nbd5 11. Qd3 Nxe3 12. fxe3 Nd5 13. O-O Nxc3 14.
bxc3 Bd6 15. c4 O-O 16. c5 Be7 17. Ne5 f6 18. Nc4 Qd8 19. Qb3 Kh8 20. Rfd1 Qc7
21. Bf3 Rb8 22. Kh1 f5 23. Rac1 Bd7 24. Ne5 Bf6 25. Nxd7 1/2-1/2

[Event "Ingrid Larsen Memorial (Women)"]
[Site "Farum"]
[Date "1991.??.??"]
[Round "?"]
[White "Erenska Barlo, Hanna"]
[Black "Safranska, Anda"]
[Result "1-0"]
[WhiteElo "2250"]
[BlackElo "2235"]
[PlyCount "115"]
[EventDate "1991.??.??"]
[EventType "swiss"]
[EventRounds "9"]
[EventCountry "DEN"]
[SourceTitle "EXT 2000"]
[Source "ChessBase"]
[SourceDate "1999.11.16"]

1. e4 Nf6 2. e5 Nd5 3. d4 d6 4. c4 Nb6 5. exd6 cxd6 6. Nc3 g6 7. Bg5 Bg7 8. Rc1
Nc6 9. d5 Ne5 10. h3 O-O 11. b3 h6 12. Be3 f5 13. Qd2 Nf7 14. Nge2 g5 15. f4 e5
16. dxe6 Bxe6 17. Bd4 Qe7 18. Bxg7 Kxg7 19. Qd4+ Kh7 20. g3 Rae8 21. Bg2 gxf4
22. gxf4 Nd8 23. Rd1 Nc8 24. Bf3 Nc6 25. Qf2 Bf7 26. O-O Qf6 27. Rd2 Rg8+ 28.
Kh2 a6 29. Rg1 Rxg1 30. Qxg1 Rg8 31. Qf2 N8e7 32. Nd1 Ng6 33. Ng3 Nh4 34. Bh1
Rg7 35. Ne3 Kh8 36. Nef1 Qe7 37. Qe3 Qd7 38. Qd3 Rg6 39. c5 d5 40. Bxd5 Bxd5
41. Qxd5 Qc7 42. Rf2 Ne7 43. Qd4+ Kh7 44. Nd2 Qc6 45. b4 Ng8 46. Qd3 Nf6 47.
Qe2 b5 48. Nf3 Nxf3+ 49. Rxf3 Nd5 50. Nxf5 Qf6 51. Ng3 Nxb4 52. f5 Rg8 53. Re3
Nd5 54. Re6 Qh4 55. Rg6 Qd4 56. Rxg8 Kxg8 57. Qg4+ Kh8 58. Qxd4+ 1-0

[Event "Ingrid Larsen Memorial (Women)"]
[Site "Farum"]
[Date "1991.??.??"]
[Round "?"]
[White "Erenska Barlo, Hanna"]
[Black "Heinatz, Gundula"]
[Result "1/2-1/2"]
[WhiteElo "2250"]
[BlackElo "2220"]
[PlyCount "25"]
[EventDate "1991.??.??"]
[EventType "swiss"]
[EventRounds "9"]
[EventCountry "DEN"]
[SourceTitle "EXT 2000"]
[Source "ChessBase"]
[SourceDate "1999.11.16"]

1. e4 c5 2. Nc3 g6 3. d3 Bg7 4. Be3 d6 5. Qd2 Nc6 6. g3 Rb8 7. Bg2 b5 8. Nge2
b4 9. Nd1 e6 10. O-O Nge7 11. f4 O-O 12. d4 Ba6 13. dxc5 1/2-1/2

[Event "Ingrid Larsen Memorial (Women)"]
[Site "Farum"]
[Date "1991.??.??"]
[Round "?"]
[White "Erenska Barlo, Hanna"]
[Black "Hennigan, Rita"]
[Result "1-0"]
[WhiteElo "2250"]
[BlackElo "2200"]
[PlyCount "77"]
[EventDate "1991.??.??"]
[EventType "swiss"]
[EventRounds "9"]
[EventCountry "DEN"]
[SourceTitle "EXT 2000"]
[Source "ChessBase"]
[SourceDate "1999.11.16"]

1. e4 c5 2. f4 d5 3. exd5 Nf6 4. Bb5+ Bd7 5. Bxd7+ Qxd7 6. c4 e6 7. dxe6 Qxe6+
8. Qe2 Nc6 9. Na3 O-O-O 10. Qxe6+ fxe6 11. Nf3 Bd6 12. Ng5 Rd7 13. O-O Re8 14.
Nb5 Bb8 15. g3 e5 16. f5 a6 17. Nc3 Nd4 18. Nge4 Nxe4 19. Nxe4 b6 20. Rb1 Rf8
21. b4 Rxf5 22. bxc5 Ne2+ 23. Kg2 Rxf1 24. Kxf1 Nxc1 25. Rxc1 Rd4 26. d3 bxc5
27. Ke2 Ba7 28. Rf1 Rd7 29. Rf8+ Kc7 30. Re8 Kb6 31. Rxe5 Ka5 32. Nxc5 Bxc5 33.
Rxc5+ Kb4 34. Re5 Kc3 35. Rd5 Rb7 36. c5 Rb2+ 37. Ke3 Rxa2 38. c6 Kb4 39. Rd4+
1-0

[Event "Ingrid Larsen Memorial (Women)"]
[Site "Farum"]
[Date "1991.??.??"]
[Round "?"]
[White "Forbes, Cathy"]
[Black "Palatkova, Eliska"]
[Result "1/2-1/2"]
[WhiteElo "2135"]
[BlackElo "2025"]
[PlyCount "37"]
[EventDate "1991.??.??"]
[EventType "swiss"]
[EventRounds "9"]
[EventCountry "DEN"]
[SourceTitle "EXT 2000"]
[Source "ChessBase"]
[SourceDate "1999.11.16"]

1. d4 d5 2. Nf3 Nf6 3. Bf4 Nbd7 4. e3 e6 5. h3 Be7 6. Nbd2 c5 7. c3 b6 8. Bd3
Bb7 9. Ne5 Nxe5 10. Bxe5 O-O 11. O-O Bd6 12. f4 Ne4 13. Bxe4 dxe4 14. Qg4 g6
15. h4 f5 16. Qg3 Bxe5 17. fxe5 cxd4 18. cxd4 Qe7 19. Nc4 1/2-1/2

[Event "Ingrid Larsen Memorial (Women)"]
[Site "Farum"]
[Date "1991.??.??"]
[Round "?"]
[White "Forbes, Cathy"]
[Black "Johnsen, Sylvia"]
[Result "1-0"]
[WhiteElo "2135"]
[BlackElo "2005"]
[PlyCount "55"]
[EventDate "1991.??.??"]
[EventType "swiss"]
[EventRounds "9"]
[EventCountry "DEN"]
[SourceTitle "EXT 2000"]
[Source "ChessBase"]
[SourceDate "1999.11.16"]

1. d4 Nf6 2. Nf3 g6 3. Nc3 Bg7 4. e4 d6 5. Be3 O-O 6. h3 c6 7. Qd2 Re8 8. O-O-O
Qc7 9. e5 Nfd7 10. exd6 Qxd6 11. Bc4 Qb4 12. Bb3 Nf6 13. Ne5 e6 14. Bh6 Bh8 15.
Qf4 Qe7 16. g4 Nd5 17. Nxd5 cxd5 18. g5 Qc7 19. Nxg6 Qxf4+ 20. Nxf4 Nc6 21. c3
f5 22. Rde1 Kf7 23. Bd1 Ne7 24. h4 Ng6 25. Nd3 b6 26. h5 Nf8 27. Rhg1 Bd7 28.
g6+ 1-0

[Event "Ingrid Larsen Memorial (Women)"]
[Site "Farum"]
[Date "1991.??.??"]
[Round "?"]
[White "Forbes, Cathy"]
[Black "Guindy, Esmat"]
[Result "1/2-1/2"]
[WhiteElo "2135"]
[BlackElo "2005"]
[PlyCount "63"]
[EventDate "1991.??.??"]
[EventType "swiss"]
[EventRounds "9"]
[EventCountry "DEN"]
[SourceTitle "EXT 2000"]
[Source "ChessBase"]
[SourceDate "1999.11.16"]

1. d4 d5 2. Nf3 Nf6 3. Bf4 Bg4 4. Ne5 Bh5 5. f3 e6 6. g4 Bg6 7. h4 h6 8. Nxg6
fxg6 9. Qd3 Kf7 10. Nd2 c5 11. dxc5 Bxc5 12. e4 dxe4 13. Nxe4 Qxd3 14. Bxd3 Be7
15. Nd6+ Bxd6 16. Bxd6 Nc6 17. O-O-O Rhd8 18. Be4 Rac8 19. c3 Rd7 20. Bc5 b6
21. Rxd7+ Nxd7 22. Ba3 Nf6 23. Bxc6 Rxc6 24. Rd1 Nd5 25. Kd2 Kf6 26. Rc1 b5 27.
Rc2 h5 28. g5+ Kf5 29. Bf8 Rc4 30. b3 Rxh4 31. c4 Rd4+ 32. Ke2 1/2-1/2

[Event "Ingrid Larsen Memorial (Women)"]
[Site "Farum"]
[Date "1991.??.??"]
[Round "?"]
[White "Guindy, Esmat"]
[Black "Johnsen, Sylvia"]
[Result "1/2-1/2"]
[WhiteElo "2005"]
[BlackElo "2005"]
[PlyCount "81"]
[EventDate "1991.??.??"]
[EventType "swiss"]
[EventRounds "9"]
[EventCountry "DEN"]
[SourceTitle "EXT 2000"]
[Source "ChessBase"]
[SourceDate "1999.11.16"]

1. d4 Nf6 2. c4 g6 3. g3 Bg7 4. Bg2 O-O 5. Nc3 d6 6. Nf3 Nbd7 7. O-O c6 8. e4
Qc7 9. h3 a6 10. b3 b5 11. Qc2 b4 12. Ne2 c5 13. Bb2 cxd4 14. Nexd4 Bb7 15.
Rfe1 Qc5 16. Nh2 Nh5 17. Rad1 e5 18. Ne2 f5 19. Rf1 Rf7 20. Qd3 fxe4 21. Bxe4
Bxe4 22. Qxe4 Nb6 23. Bc1 Nf6 24. Qe3 Qc6 25. f4 Re8 26. Qd3 d5 27. cxd5 Nbxd5
28. fxe5 Rxe5 29. Qf3 Qb6+ 30. Kg2 Qb7 31. Nf4 Nxf4+ 32. Bxf4 Re2+ 33. Rf2
Rxf2+ 34. Kxf2 Ne4+ 35. Kg2 g5 36. Re1 gxf4 37. Qxe4 fxg3 38. Qxb7 Rxb7 39.
Kxg3 Rc7 40. Re2 Rf7 41. Nf3 1/2-1/2

[Event "Ingrid Larsen Memorial (Women)"]
[Site "Farum"]
[Date "1991.??.??"]
[Round "?"]
[White "Guindy, Esmat"]
[Black "Kisova, Petra"]
[Result "1-0"]
[WhiteElo "2005"]
[BlackElo "2145"]
[PlyCount "69"]
[EventDate "1991.??.??"]
[EventType "swiss"]
[EventRounds "9"]
[EventCountry "DEN"]
[SourceTitle "EXT 2000"]
[Source "ChessBase"]
[SourceDate "1999.11.16"]

1. d4 Nf6 2. c4 e5 3. dxe5 Ng4 4. Nf3 Bc5 5. e3 Nc6 6. Be2 O-O 7. O-O Ncxe5 8.
Nd4 Qh4 9. h3 Nh6 10. Nc3 a5 11. b3 Ra6 12. f4 Ng6 13. f5 Ne5 14. Rf4 Qd8 15.
Ne4 d6 16. f6 g6 17. Bb2 Re8 18. Qe1 Nf5 19. Nxf5 Bxf5 20. Nxc5 dxc5 21. Rxf5
gxf5 22. Bxe5 Kh8 23. Rd1 Qc8 24. Bh5 Rf8 25. Qg3 Rg8 26. Qf4 Qe8 27. Bxc7 Ra8
28. Bf3 Qc8 29. Rd5 a4 30. bxa4 Rxa4 31. Rxf5 Rxa2 32. Rh5 Rg6 33. Be4 Qg8 34.
Bxg6 Qxg6 35. Qg5 1-0

[Event "Ingrid Larsen Memorial (Women)"]
[Site "Farum"]
[Date "1991.??.??"]
[Round "?"]
[White "Guindy, Esmat"]
[Black "Erenska Barlo, Hanna"]
[Result "0-1"]
[WhiteElo "2005"]
[BlackElo "2250"]
[PlyCount "74"]
[EventDate "1991.??.??"]
[EventType "swiss"]
[EventRounds "9"]
[EventCountry "DEN"]
[SourceTitle "EXT 2000"]
[Source "ChessBase"]
[SourceDate "1999.11.16"]

1. d4 d6 2. c4 Nf6 3. Nc3 c6 4. h3 Nbd7 5. Nf3 e5 6. e4 Be7 7. g3 O-O 8. Bg2 a6
9. a4 a5 10. O-O exd4 11. Nxd4 Nc5 12. Be3 Re8 13. Re1 Bf8 14. Qc2 Be6 15. b3
Qc7 16. Rad1 Rad8 17. f4 Bc8 18. Rd2 Na6 19. Na2 Nd7 20. Rde2 Ndc5 21. Kh2 Bd7
22. f5 Be7 23. Bf4 Bf6 24. Nf3 Be5 25. Nxe5 dxe5 26. Bg5 f6 27. Bd2 Bc8 28. Re3
Rd7 29. Bf3 Red8 30. Rd1 Qb6 31. Nc1 Nb4 32. Bxb4 Qxb4 33. Rc3 Rxd1 34. Bxd1
Nxe4 35. Rd3 Rxd3 36. Nxd3 Qd6 37. c5 Qd4 0-1

[Event "Ingrid Larsen Memorial (Women)"]
[Site "Farum"]
[Date "1991.??.??"]
[Round "?"]
[White "Guindy, Esmat"]
[Black "Haahr, Merete"]
[Result "1-0"]
[WhiteElo "2005"]
[BlackElo "2010"]
[PlyCount "61"]
[EventDate "1991.??.??"]
[EventType "swiss"]
[EventRounds "9"]
[EventCountry "DEN"]
[SourceTitle "EXT 2000"]
[Source "ChessBase"]
[SourceDate "1999.11.16"]

1. d4 Nf6 2. c4 c5 3. d5 g6 4. Nc3 Bg7 5. e4 O-O 6. h3 b5 7. cxb5 a6 8. e5 Ne8
9. f4 axb5 10. Bxb5 Ba6 11. Nf3 Bxb5 12. Nxb5 Qa5+ 13. Nc3 d6 14. O-O Nc7 15.
Qe2 Re8 16. Be3 Nd7 17. Ng5 dxe5 18. fxe5 Nxe5 19. Bf4 Nd7 20. Nxf7 e5 21. Bh6
Qa6 22. Qe3 Bf6 23. Ng5 e4 24. Qf4 Re5 25. Ngxe4 Ne8 26. Nxc5 Qb6 27. N3e4 Rf5
28. Qe3 Rxd5 29. Nxd7 Qxe3+ 30. Bxe3 Bxb2 31. Nef6+ 1-0

[Event "Ingrid Larsen Memorial (Women)"]
[Site "Farum"]
[Date "1991.??.??"]
[Round "?"]
[White "Haahr, Merete"]
[Black "Dahl, Ingrid"]
[Result "0-1"]
[WhiteElo "2010"]
[BlackElo "2105"]
[PlyCount "64"]
[EventDate "1991.??.??"]
[EventType "swiss"]
[EventRounds "9"]
[EventCountry "DEN"]
[SourceTitle "EXT 2000"]
[Source "ChessBase"]
[SourceDate "1999.11.16"]

1. g3 c5 2. c4 Nc6 3. Bg2 g6 4. Nc3 Bg7 5. e3 e5 6. Nge2 Nge7 7. O-O d6 8. d3
Be6 9. Nd5 Rb8 10. Nec3 O-O 11. Nxe7+ Nxe7 12. Bd2 d5 13. cxd5 Nxd5 14. Qe2 Nb4
15. d4 exd4 16. exd4 cxd4 17. Nd1 Qb6 18. a3 Nc6 19. Rc1 Rfe8 20. Re1 Bd7 21.
Be4 Ne5 22. f3 Bb5 23. Qg2 Rbd8 24. Nf2 f5 25. Bb1 Bc6 26. Ne4 fxe4 27. fxe4
Rf8 28. Bf4 d3+ 29. Kh1 d2 30. Bxd2 Rf2 31. Be3 Rxg2 32. Bxb6 Rdd2 0-1

[Event "Ingrid Larsen Memorial (Women)"]
[Site "Farum"]
[Date "1991.??.??"]
[Round "?"]
[White "Heinatz, Gundula"]
[Black "Lalic, Susan"]
[Result "1-0"]
[WhiteElo "2220"]
[BlackElo "2300"]
[PlyCount "82"]
[EventDate "1991.??.??"]
[EventType "swiss"]
[EventRounds "9"]
[EventCountry "DEN"]
[SourceTitle "EXT 2000"]
[Source "ChessBase"]
[SourceDate "1999.11.16"]

1. Nf3 Nf6 2. g3 b5 3. Bg2 Bb7 4. d4 e6 5. O-O c5 6. c3 Be7 7. Bg5 Na6 8. a4 b4
9. dxc5 Bxc5 10. Qd3 bxc3 11. Nxc3 Nb4 12. Qb5 Qb6 13. Ne5 Bxg2 14. Kxg2 Qxb5
15. Nxb5 Ke7 16. Rfd1 d6 17. Rac1 Rhc8 18. Nd3 Nxd3 19. Rxd3 a6 20. Nd4 Rab8
21. b3 Kd7 22. Bxf6 gxf6 23. Nf3 Rb4 24. Nd2 Ke7 25. e4 Rcb8 26. Rc4 R4b7 27.
f4 Rd7 28. e5 fxe5 29. fxe5 Bb4 30. exd6+ Rxd6 31. Rxd6 Bxd6 32. Rc6 a5 33. Ne4
Rd8 34. h4 Be5 35. Ra6 f5 36. Ng5 Bd6 37. Nxh7 Rb8 38. Ra7+ Kd8 39. Nf6 Be7 40.
Rd7+ Kc8 41. Rxe7 Rxb3 1-0

[Event "Ingrid Larsen Memorial (Women)"]
[Site "Farum"]
[Date "1991.??.??"]
[Round "?"]
[White "Heinatz, Gundula"]
[Black "Dahl, Ingrid"]
[Result "1-0"]
[WhiteElo "2220"]
[BlackElo "2105"]
[PlyCount "47"]
[EventDate "1991.??.??"]
[EventType "swiss"]
[EventRounds "9"]
[EventCountry "DEN"]
[SourceTitle "EXT 2000"]
[Source "ChessBase"]
[SourceDate "1999.11.16"]

1. d4 Nf6 2. c4 e6 3. Nf3 b6 4. g3 Ba6 5. Qc2 c5 6. d5 b5 7. cxb5 Bxb5 8. Nc3
Bc4 9. dxe6 fxe6 10. Ne5 Bd5 11. Nxd5 exd5 12. Bg2 Nc6 13. Nxc6 dxc6 14. O-O
Be7 15. Be3 Qb6 16. b4 Qxb4 17. Rab1 Qa5 18. Rb7 c4 19. Rfb1 Kf7 20. Qf5 Rhe8
21. g4 h6 22. h4 Kg8 23. Qe6+ Kf8 24. g5 1-0

[Event "Ingrid Larsen Memorial (Women)"]
[Site "Farum"]
[Date "1991.??.??"]
[Round "?"]
[White "Heinatz, Gundula"]
[Black "Hoiberg, Nina"]
[Result "1/2-1/2"]
[WhiteElo "2220"]
[BlackElo "2295"]
[PlyCount "84"]
[EventDate "1991.??.??"]
[EventType "swiss"]
[EventRounds "9"]
[EventCountry "DEN"]
[SourceTitle "EXT 2000"]
[Source "ChessBase"]
[SourceDate "1999.11.16"]

1. d4 d6 2. c4 e5 3. Nf3 e4 4. Ng5 f5 5. Nc3 c6 6. g3 Be7 7. Nh3 Nf6 8. Bg2 Na6
9. O-O O-O 10. a3 Nc7 11. Bg5 d5 12. cxd5 Ncxd5 13. Qb3 Kh8 14. Bxf6 Nxf6 15.
e3 Qb6 16. Qa2 Bd7 17. Rac1 Be8 18. b4 Bf7 19. Qb1 a5 20. Na4 Qc7 21. Nc3 Qd6
22. bxa5 Rxa5 23. a4 Nd5 24. Nxd5 Bxd5 25. Nf4 Rb8 26. g4 g6 27. gxf5 gxf5 28.
Bh3 Bf7 29. Kh1 Bg5 30. Rc5 Rxc5 31. dxc5 Qe5 32. Rg1 Bxf4 33. exf4 Qf6 34.
Bxf5 Rg8 35. Rxg8+ Kxg8 36. Bxe4 Qxf4 37. f3 Bg6 38. Qb3+ Kf8 39. Qe6 Qc1+ 40.
Kg2 Qg5+ 41. Kh3 Qh5+ 42. Kg2 Qg5+ 1/2-1/2

[Event "Ingrid Larsen Memorial (Women)"]
[Site "Farum"]
[Date "1991.??.??"]
[Round "?"]
[White "Hennigan, Rita"]
[Black "Johnsen, Sylvia"]
[Result "1-0"]
[WhiteElo "2200"]
[BlackElo "2005"]
[PlyCount "80"]
[EventDate "1991.??.??"]
[EventType "swiss"]
[EventRounds "9"]
[EventCountry "DEN"]
[SourceTitle "EXT 2000"]
[Source "ChessBase"]
[SourceDate "1999.11.16"]

1. e4 e5 2. Nf3 Nc6 3. Nc3 Nf6 4. Bb5 d6 5. d4 exd4 6. Nxd4 Bd7 7. Bxc6 Bxc6 8.
Nxc6 bxc6 9. O-O Be7 10. Bf4 O-O 11. e5 Ne8 12. h3 Rb8 13. b3 d5 14. Qd3 Bb4
15. Rad1 Qc8 16. Na4 f6 17. c3 fxe5 18. Bxe5 Bd6 19. Bd4 a5 20. c4 Kh8 21. cxd5
cxd5 22. Bc3 c6 23. Bxa5 Nf6 24. Bc3 Ne4 25. Qd4 Rf6 26. f3 Ng3 27. Rfe1 Rg6
28. Qa7 Nh5 29. Rd2 Nf4 30. Kf1 Kg8 31. Be5 Nxh3 32. Bxd6 Rxd6 33. Nb6 Qd8 34.
Re7 Rg6 35. Rde2 Qf8 36. Nd7 Ra8 37. Nxf8 Rxa7 38. Rxa7 Kxf8 39. gxh3 Rf6 40.
Kg2 h6 1-0

[Event "Ingrid Larsen Memorial (Women)"]
[Site "Farum"]
[Date "1991.??.??"]
[Round "?"]
[White "Hennigan, Rita"]
[Black "Kisova, Petra"]
[Result "1-0"]
[WhiteElo "2200"]
[BlackElo "2145"]
[PlyCount "95"]
[EventDate "1991.??.??"]
[EventType "swiss"]
[EventRounds "9"]
[EventCountry "DEN"]
[SourceTitle "EXT 2000"]
[Source "ChessBase"]
[SourceDate "1999.11.16"]

1. e4 e5 2. Nf3 Nc6 3. Nc3 Nf6 4. Bb5 Bb4 5. d3 d6 6. O-O O-O 7. Bg5 Bxc3 8.
bxc3 Qe7 9. Re1 Nd8 10. d4 Ne6 11. Bc1 c6 12. Bf1 Rd8 13. a4 Qc7 14. Qe2 b6 15.
g3 c5 16. d5 Nf8 17. Nh4 Ng6 18. Bg5 Nxh4 19. Bxh4 Kh8 20. Bg2 Re8 21. f4 Ng8
22. Rf1 f6 23. Rf2 Bd7 24. Bf3 Rab8 25. f5 b5 26. axb5 Rxb5 27. g4 Reb8 28. g5
a5 29. gxf6 gxf6 30. Bh5 Rb1+ 31. Rf1 Rxf1+ 32. Kxf1 Bb5 33. c4 Ba6 34. Be1 Ra8
35. Ra3 Bc8 36. Rh3 Qg7 37. Bg6 h6 38. Bd2 a4 39. Rxh6+ Nxh6 40. Qh5 a3 41.
Bxh6 Qb7 42. Bg5+ Kg8 43. Bh7+ Qxh7 44. Qe8+ Kg7 45. Qe7+ Kg8 46. Qd8+ Kg7 47.
Qxf6+ Kg8 48. Qd8+ 1-0

[Event "Ingrid Larsen Memorial (Women)"]
[Site "Farum"]
[Date "1991.??.??"]
[Round "?"]
[White "Hennigan, Rita"]
[Black "Safranska, Anda"]
[Result "1-0"]
[WhiteElo "2200"]
[BlackElo "2235"]
[PlyCount "223"]
[EventDate "1991.??.??"]
[EventType "swiss"]
[EventRounds "9"]
[EventCountry "DEN"]
[SourceTitle "EXT 2000"]
[Source "ChessBase"]
[SourceDate "1999.11.16"]

1. e4 g6 2. d4 Bg7 3. Nc3 d6 4. f4 Nf6 5. Nf3 O-O 6. Bd3 Na6 7. O-O Nb4 8. Be2
c5 9. d5 b6 10. Kh1 Bb7 11. a3 Na6 12. Qe1 Nc7 13. Qh4 e6 14. dxe6 fxe6 15. Bd3
c4 16. Bxc4 Nxe4 17. Qh3 Bxc3 18. bxc3 Qf6 19. Be3 Bd5 20. Bd3 Qe7 21. c4 Bb7
22. Rae1 Qd7 23. Bc1 Nc5 24. Ng5 Nxd3 25. cxd3 Rae8 26. Bb2 Rf5 27. Rf2 Ref8
28. Qe3 e5 29. Ref1 Qc6 30. Ne4 d5 31. Ng3 d4 32. Nxf5 dxe3 33. Ne7+ Kf7 34.
Nxc6 exf2 35. Nxe5+ Ke6 36. h3 Rxf4 37. Kh2 b5 38. Kg3 Rf5 39. Rxf2 Rg5+ 40.
Ng4 bxc4 41. dxc4 h5 42. Kh4 Rf5 43. Re2+ Kd6 44. Ne5 Rf4+ 45. Kg5 Ne6+ 46. Kh6
h4 47. Rd2+ Kc7 48. c5 Be4 49. Nxg6 Rf7 50. Be5+ Kb7 51. c6+ Bxc6 52. Nxh4 Be4
53. Ng6 Nc5 54. h4 Nd3 55. h5 Nf2 56. Re2 Bxg2 57. Nf4 Ng4+ 58. Kg5 Bf3 59.
Rb2+ Ka6 60. Ng6 Nxe5 61. Nxe5 Bxh5 62. Nxf7 Bxf7 63. Kf6 Bc4 64. Ke5 Ka5 65.
Rb4 Bf1 66. Kd5 a6 67. Kc5 Be2 68. Kd4 Bb5 69. Kc3 Be2 70. Rd4 Bb5 71. Kb3 Bc6
72. a4 Kb6 73. Rb4+ Ka5 74. Rg4 Kb6 75. Rb4+ Ka5 76. Ka3 Bd7 77. Rd4 Bc6 78.
Rb4 Bd7 79. Rh4 Kb6 80. Rh6+ Bc6 81. a5+ Kc5 82. Kb3 Bb5 83. Rh5+ Kc6 84. Kb4
Bf1 85. Rh6+ Kd5 86. Rh5+ Kc6 87. Kc3 Bb5 88. Kd4 Bf1 89. Rc5+ Kd6 90. Rf5 Be2
91. Rf6+ Kc7 92. Kc5 Bb5 93. Rf7+ Kc8 94. Kb6 Be2 95. Kc6 Bb5+ 96. Kb6 Be2 97.
Rf8+ Kd7 98. Kb7 Bb5 99. Rf5 Bc4 100. Rf4 Bb5 101. Rd4+ Ke7 102. Kc7 Ke6 103.
Rb4 Bf1 104. Rb1 Bc4 105. Kc6 Ke7 106. Kc5 Bd3 107. Re1+ Kf7 108. Kb6 Bb5 109.
Kb7 Bc4 110. Rc1 Bb5 111. Rb1 Bd3 112. Rb6 1-0

[Event "Ingrid Larsen Memorial (Women)"]
[Site "Farum"]
[Date "1991.??.??"]
[Round "?"]
[White "Hennigan, Rita"]
[Black "Dahl, Ingrid"]
[Result "1-0"]
[WhiteElo "2200"]
[BlackElo "2105"]
[PlyCount "51"]
[EventDate "1991.??.??"]
[EventType "swiss"]
[EventRounds "9"]
[EventCountry "DEN"]
[SourceTitle "EXT 2000"]
[Source "ChessBase"]
[SourceDate "1999.11.16"]

1. e4 c6 2. d4 d5 3. exd5 cxd5 4. c4 Nf6 5. Nc3 e6 6. Nf3 Bb4 7. cxd5 exd5 8.
Be2 Ne4 9. Qd3 Nc6 10. O-O Nxc3 11. bxc3 Be7 12. Bf4 O-O 13. Ne5 Na5 14. Qc2
Be6 15. Bd3 h6 16. Rae1 Nc6 17. Qd2 Bg5 18. Bxg5 hxg5 19. f4 gxf4 20. Qxf4 Nxe5
21. Rxe5 Qd7 22. Rh5 f5 23. Qh4 Rae8 24. g4 f4 25. Bg6 Bf7 26. Rh8# 1-0

[Event "Ingrid Larsen Memorial (Women)"]
[Site "Farum"]
[Date "1991.??.??"]
[Round "?"]
[White "Hennigan, Rita"]
[Black "Heinatz, Gundula"]
[Result "1/2-1/2"]
[WhiteElo "2200"]
[BlackElo "2220"]
[PlyCount "86"]
[EventDate "1991.??.??"]
[EventType "swiss"]
[EventRounds "9"]
[EventCountry "DEN"]
[SourceTitle "EXT 2000"]
[Source "ChessBase"]
[SourceDate "1999.11.16"]

1. e4 c5 2. Nf3 Nc6 3. d4 cxd4 4. Nxd4 g6 5. c4 Nf6 6. Nc3 Nxd4 7. Qxd4 d6 8.
Bg5 Bg7 9. Be2 O-O 10. Qd2 a6 11. O-O Re8 12. Rad1 Be6 13. b3 Qa5 14. Bxf6 Bxf6
15. Nd5 Qxd2 16. Nxf6+ exf6 17. Rxd2 Rad8 18. Rfd1 Bc8 19. Bf3 b6 20. Rxd6 Rxd6
21. Rxd6 f5 22. Kf1 fxe4 23. Bxe4 Rxe4 24. Rd8+ Kg7 25. Rxc8 Re6 26. b4 Kf6 27.
Rc7 h5 28. h4 Kg7 29. g3 b5 30. c5 a5 31. Rb7 axb4 32. Rxb5 Ra6 33. Rxb4 Rxa2
34. Rc4 Ra7 35. Ke2 Kf6 36. Ke3 Ke5 37. c6 Rc7 38. f4+ Kd5 39. Rd4+ Ke6 40. Rc4
Kd5 41. Rc1 f5 42. Rd1+ Kxc6 43. Rd8 Rd7 1/2-1/2

[Event "Ingrid Larsen Memorial (Women)"]
[Site "Farum"]
[Date "1991.??.??"]
[Round "?"]
[White "Hennigan, Rita"]
[Black "Hoiberg, Nina"]
[Result "1/2-1/2"]
[WhiteElo "2200"]
[BlackElo "2295"]
[PlyCount "98"]
[EventDate "1991.??.??"]
[EventType "swiss"]
[EventRounds "9"]
[EventCountry "DEN"]
[SourceTitle "EXT 2000"]
[Source "ChessBase"]
[SourceDate "1999.11.16"]

1. e4 e5 2. Nf3 Nc6 3. Bb5 Nd4 4. Nxd4 exd4 5. O-O c6 6. Bc4 Nf6 7. d3 d5 8.
Bb3 Be7 9. e5 Ng4 10. Re1 Bb4 11. Re2 Qh4 12. h3 Nh6 13. a3 Ba5 14. Nd2 Qh5 15.
Nf1 O-O 16. Bd2 Bc7 17. Ng3 Qg6 18. Bxh6 Qxh6 19. c3 Bd7 20. Qc1 Qh4 21. c4
Rae8 22. cxd5 Rxe5 23. Rxe5 Bxe5 24. Ne4 Rc8 25. Qg5 Qxg5 26. Nxg5 Rf8 27. Re1
Bd6 28. Ne4 Re8 29. Kf1 Bf4 30. Nc5 Rxe1+ 31. Kxe1 Bf5 32. g3 Bc7 33. g4 Bc8
34. dxc6 bxc6 35. Ba4 h5 36. f3 hxg4 37. hxg4 Bb6 38. b4 Bxc5 39. bxc5 Bd7 40.
Kf2 f5 41. Kg3 g5 42. gxf5 Kg7 43. f4 Kf6 44. fxg5+ Kxg5 45. f6 Kxf6 46. Kf4
Bf5 47. Bxc6 Bxd3 48. Ba4 Bf5 49. Bb5 d3 1/2-1/2